| Tag |
First Indicator |
Second Indicator |
Subfields |
| LEADER |
00000cam a2200000 4500 |
| 001 |
in00001108607 |
| 005 |
20150930060705.0 |
| 008 |
731023s1969 xx 000 0 eng d |
| 035 |
|
|
|a (OCoLC)00721982
|
| 035 |
|
|
|9 AFU5669AM
|
| 040 |
|
|
|a BBH
|c BBH
|d m.c.
|d TXA
|d UtOrBLW
|
| 049 |
|
|
|a TXAM
|
| 090 |
|
|
|a AS36
|b .R28 P-4069
|
| 100 |
1 |
|
|a Schultz, T. Paul.
|
| 245 |
1 |
4 |
|a The effectiveness of family planning in Taiwan :
|b a proposal for a new evaluation methodology /
|c [by] T. Paul Schultz.
|
| 264 |
|
1 |
|a [Santa Monica, Calif.] :
|b [Rand],
|c [1969]
|
| 300 |
|
|
|a 67 pages :
|b illustrations ;
|c 29 cm.
|
| 336 |
|
|
|a text
|b txt
|2 rdacontent
|
| 337 |
|
|
|a unmediated
|b n
|2 rdamedia
|
| 338 |
|
|
|a volume
|b nc
|2 rdacarrier
|
| 500 |
|
|
|a Cover title.
|
| 504 |
|
|
|a Bibliographical references included in footnotes.
|
| 500 |
|
|
|a "P-4069."
|
| 500 |
|
|
|a "April 1969."
|
| 650 |
|
0 |
|a Birth control
|z Taiwan.
|
| 710 |
2 |
|
|a Rand Corporation.
|
| 999 |
|
|
|a MARS
|
| 999 |
f |
f |
|s 495da35f-2fa8-3c43-a91c-6e75e7f42848
|i 64e5ce84-94be-32d2-9ec2-e12def5ff8e8
|t 0
|
| 952 |
f |
f |
|p ric
|a Texas A&M University
|b Rellis Campus
|c Joint Library Facility
|d Remote Storage
|t 0
|e AS36 .R28 P-4069
|h Library of Congress classification
|i unmediated -- volume
|m A14816913543
|
| 998 |
f |
f |
|a AS36 .R28 P-4069
|t 0
|l Remote Storage
|